[Event "77th ch-ARM 1st League"]
[Site "Yerevan ARM"]
[Date "2016.10.29"]
[Round "6.5"]
[White "Hayrapetyan, Hovik"]
[Black "Shahinyan, David"]
[Result "1-0"]
[WhiteTitle "GM"]
[BlackTitle "IM"]
[WhiteElo "2468"]
[BlackElo "2431"]
[WhiteFideId "13302639"]
[BlackFideId "13304380"]
[EventDate "2016.10.24"]

1. Nf3 d5 2. c4 e6 3. g3 f5 4. Bg2 Nf6 5. O-O Bd6 6. Nc3 O-O 7. d3 dxc4 8. dxc4
Nc6 9. Nb5 e5 10. Nxd6 Qxd6 11. Qxd6 cxd6 12. Rd1 Rd8 13. b3 Kf7 14. Ba3 Ke7 15.
Ne1 a6 16. Rd2 Be6 17. Rad1 Ne8 18. Nd3 e4 19. Nf4 b5 20. f3 b4 21. Bb2 exf3 22.
Bxf3 Rac8 23. Nxe6 Kxe6 24. e4 g6 25. exf5+ gxf5 26. Re2+ Ne5 27. Rd5 Ng7 28.
Bxe5 dxe5 29. Rexe5+ Kf6 30. Rxd8 Rxd8 31. Ra5 Rd2 32. Bd5 f4 33. gxf4 Nh5 34.
Be4 1-0

[Event "77th ch-ARM 1st League"]
[Site "Yerevan ARM"]
[Date "2016.10.29"]
[Round "6.6"]
[White "Kalashian, David"]
[Black "Yegiazaryan, Armenak"]
[Result "1/2-1/2"]
[WhiteTitle "IM"]
[WhiteElo "2358"]
[BlackElo "2243"]
[WhiteFideId "13302418"]
[BlackFideId "13303082"]
[EventDate "2016.10.24"]

1. e4 e5 2. Nf3 Nc6 3. d4 exd4 4. Nxd4 Bc5 5. Nxc6 Qf6 6. Qf3 bxc6 7. Nd2 d6 8.
Nb3 Bb6 9. Bd2 Qxf3 10. gxf3 Ne7 11. a4 a5 12. Rg1 O-O 13. Be3 Bxe3 14. fxe3 f5
15. e5 f4 16. e4 Ng6 17. exd6 cxd6 18. O-O-O Ne5 19. Be2 Rf6 20. Rg5 h6 21. Rgg1
Bh3 22. Rd4 Kf8 23. Nd2 c5 24. Rd5 Bd7 25. Bb5 Bxb5 26. axb5 a4 27. Kb1 Rb8 28.
c4 g5 29. h3 Rg6 30. Kc2 h5 31. Ra1 Ra8 32. b6 Rb8 33. Rxa4 Rxb6 34. Ra7 g4 35.
fxg4 hxg4 36. hxg4 Rxg4 37. b4 cxb4 38. c5 Rc6 39. Kd1 Rxc5 40. Rxd6 Nc6 41. Rb7
Rg7 42. Rb6 Ne5 43. Rf6+ Rf7 44. Rxf7+ Kxf7 45. Rxb4 f3 46. Rb2 Kg6 47. Rb8 Kg5
48. Rf8 Kg4 49. Rf5 Ra5 50. Kc2 Ra2+ 51. Kc3 Ra3+ 52. Kb2 Ra5 53. Kb3 Nc6 54.
Rf6 Ne5 55. Rf5 Nc6 56. Rf8 Rh5 57. Kc4 Ne5+ 58. Kd4 Kg3 59. Rf5 Rxf5 60. exf5
Ng4 61. Nxf3 1/2-1/2

[Event "77th ch-ARM 1st League"]
[Site "Yerevan ARM"]
[Date "2016.10.29"]
[Round "6.7"]
[White "Bakunts, Rafael"]
[Black "Petrosyan, Manuel"]
[Result "0-1"]
[BlackTitle "IM"]
[WhiteElo "2396"]
[BlackElo "2530"]
[WhiteFideId "13304097"]
[BlackFideId "13300857"]
[EventDate "2016.10.24"]

1. e4 e5 2. Nf3 Nc6 3. Bb5 a6 4. Ba4 Nf6 5. O-O Be7 6. Re1 b5 7. Bb3 d6 8. c3
O-O 9. h3 Na5 10. Bc2 c5 11. d4 Nd7 12. Nbd2 exd4 13. cxd4 Nc6 14. d5 Nce5 15.
Nxe5 Nxe5 16. f4 Ng6 17. Nf3 Bh4 18. Rf1 Bg3 19. f5 Ne5 20. Ng5 Qf6 21. Qh5 h6
22. Nf3 b4 23. Rb1 a5 24. Nxe5 Bxe5 25. g4 Ba6 26. g5 Qd8 27. Re1 hxg5 28. Bxg5
f6 29. Be3 Qe8 30. Qg4 a4 31. b3 axb3 32. axb3 Bc3 33. Red1 Bb5 34. Bd3 Ra2 35.
Kh1 Bxd3 36. Rxd3 Qe5 37. Qf4 Re8 38. Qxe5 Bxe5 39. Bd2 Rea8 40. Rd1 R8a3 41.
Bc1 Rh2+ 42. Kg1 Raa2 43. Bd2 Rb2 44. Kf1 Bf4 0-1

[Event "77th ch-ARM 1st League"]
[Site "Yerevan ARM"]
[Date "2016.10.30"]
[Round "7.1"]
[White "Babujian, Levon"]
[Black "Mikaelyan, Arman"]
[Result "1-0"]
[WhiteTitle "GM"]
[BlackTitle "IM"]
[WhiteElo "2465"]
[BlackElo "2449"]
[WhiteFideId "13301993"]
[BlackFideId "13304852"]
[EventDate "2016.10.24"]

1. e4 e5 2. Nc3 Nc6 3. Bc4 Nf6 4. d3 Bb4 5. Ne2 d5 6. exd5 Nxd5 7. O-O Nxc3 8.
bxc3 Bd6 9. Ng3 O-O 10. Qh5 Ne7 11. Bg5 Qd7 12. Ne4 Ng6 13. Rab1 c6 14. Bf6 Re8
15. f4 Nxf4 16. Rxf4 exf4 17. Nxd6 Rf8 18. Qg5 Qg4 19. Nxc8 Qxg5 20. Ne7+ 1-0

[Event "77th ch-ARM 1st League"]
[Site "Yerevan ARM"]
[Date "2016.10.30"]
[Round "7.2"]
[White "Yegiazaryan, Armenak"]
[Black "Hovhannisyan, Karen G."]
[Result "0-1"]
[WhiteElo "2243"]
[BlackElo "2251"]
[WhiteFideId "13303082"]
[BlackFideId "13306618"]
[EventDate "2016.10.24"]

1. e4 c5 2. Nf3 g6 3. d4 cxd4 4. Qxd4 Nf6 5. Qa4 Nc6 6. Bb5 Bg7 7. Nc3 O-O 8. e5
Ne8 9. Bf4 a6 10. Bxc6 dxc6 11. Rd1 Qb6 12. Qa3 Bg4 13. Na4 Qa5+ 14. b4 Qc7 15.
Qe3 a5 16. e6 Nd6 17. Nb6 Bxe6 18. Nxa8 Rxa8 19. a3 axb4 20. axb4 Bc4 21. Nd2 e5
22. Bg3 Ba6 23. Qb3 c5 24. c4 cxb4 25. O-O Nxc4 26. Rfe1 Nxd2 27. Rxd2 Qc3 28.
Qd1 Bc4 29. Re3 Ra1 30. Rd8+ Bf8 31. Rxc3 Rxd1+ 32. Rxd1 bxc3 33. Rc1 f6 34.
Rxc3 b5 35. f3 Kf7 36. Bf2 Ke6 37. Rc1 Bh6 38. Rb1 f5 39. Bb6 Kd5 40. Kf2 Bd3
41. Ra1 e4 42. fxe4+ fxe4 43. Be3 Bf8 44. Ra8 Bd6 45. Rd8 Kc6 46. Rc8+ Kd7 47.
Rh8 b4 48. Rxh7+ Kc6 49. Bd4 b3 50. Rh8 Kd5 51. Bb2 Bc5+ 52. Kg3 e3 53. Kf3 e2
54. Bc3 Kc4 55. Be1 b2 56. Rb8 b1=Q 57. Rxb1 Bxb1 58. Kxe2 Kd5 59. Kf3 Be4+ 60.
Kg4 Bxg2 61. h4 Bf1 62. Kg5 Bd3 63. h5 Be3+ 64. Kh4 g5+ 65. Kg4 Be2+ 0-1

[Event "77th ch-ARM 1st League"]
[Site "Yerevan ARM"]
[Date "2016.10.30"]
[Round "7.3"]
[White "Petrosyan, Manuel"]
[Black "Hakobyan, Aram"]
[Result "1/2-1/2"]
[WhiteTitle "IM"]
[BlackTitle "FM"]
[WhiteElo "2530"]
[BlackElo "2417"]
[WhiteFideId "13300857"]
[BlackFideId "13306677"]
[EventDate "2016.10.24"]

1. d4 d5 2. Nf3 Nf6 3. Bf4 Bf5 4. e3 e6 5. Nbd2 Bd6 6. Ne5 h6 7. c4 O-O 8. Be2
dxc4 9. Ndxc4 Bb4+ 10. Kf1 Nd5 11. Bg3 Nd7 12. a3 Be7 13. Qb3 Nxe5 14. Bxe5 c5
15. f3 Bg6 16. e4 Nb6 17. Rd1 Nxc4 18. Bxc4 cxd4 19. Bxd4 Qc7 20. Ke2 Rfd8 21.
Bf2 Rxd1 22. Rxd1 b5 23. Qxb5 Rb8 24. Rd7 Rxb5 25. Rxc7 Rxb2+ 26. Kf1 Rb1+ 27.
Ke2 Rb2+ 28. Kf1 Rb1+ 1/2-1/2

[Event "77th ch-ARM 1st League"]
[Site "Yerevan ARM"]
[Date "2016.10.30"]
[Round "7.4"]
[White "Sargsyan, Shant"]
[Black "Martirosyan, Haik M."]
[Result "0-1"]
[WhiteTitle "CM"]
[BlackTitle "IM"]
[WhiteElo "2440"]
[BlackElo "2470"]
[WhiteFideId "13306766"]
[BlackFideId "13306553"]
[EventDate "2016.10.24"]

1. Nf3 Nf6 2. c4 e6 3. Nc3 c5 4. d4 cxd4 5. Nxd4 d6 6. g3 Be7 7. Bg2 O-O 8. O-O
a6 9. b3 Qc7 10. Bb2 Nc6 11. Rc1 Nxd4 12. Qxd4 Bd7 13. Rfd1 Rfd8 14. h3 Rab8 15.
a4 b6 16. g4 h6 17. Rd3 Bc8 18. Rg3 d5 19. Nxd5 exd5 20. cxd5 Bc5 21. Qc3 Qf4
22. e3 Qg5 23. b4 Bd6 24. f4 Qh4 25. Rf3 Bf8 26. Qc7 Bb7 27. Bxf6 Qxf6 28. Rd1
Bxb4 29. e4 Bc5+ 30. Kh1 Qe7 31. Qxe7 Bxe7 32. Rb3 Bc5 33. e5 Bc6 34. Rb2 Bxa4
35. Rd3 Bb5 36. Rd1 Re8 37. d6 g5 38. d7 Red8 39. Rxb5 axb5 40. f5 b4 41. Bc6
Kf8 42. Kg2 b5 0-1

[Event "77th ch-ARM 1st League"]
[Site "Yerevan ARM"]
[Date "2016.10.30"]
[Round "7.5"]
[White "Harutyunian, Tigran K."]
[Black "Hayrapetyan, Hovik"]
[Result "1-0"]
[WhiteTitle "IM"]
[BlackTitle "GM"]
[WhiteElo "2495"]
[BlackElo "2468"]
[WhiteFideId "13303635"]
[BlackFideId "13302639"]
[EventDate "2016.10.24"]

1. c4 Nf6 2. Nc3 c5 3. Nf3 g6 4. e4 d6 5. d4 cxd4 6. Nxd4 Bg7 7. Be2 O-O 8. Be3
Bd7 9. f3 Nc6 10. Nc2 Rc8 11. Qd2 Re8 12. O-O b6 13. Rac1 Ne5 14. b3 Bc6 15.
Rfd1 Bb7 16. Nd5 Ned7 17. Nd4 a6 18. b4 e6 19. Nxf6+ Bxf6 20. Nb3 Be7 21. a4 Bc6
22. Ra1 a5 23. bxa5 Nc5 24. Nxc5 bxc5 25. Rdb1 Ra8 26. Rb6 Qd7 27. Rab1 Bd8 28.
e5 dxe5 29. Qc3 f6 30. Bxc5 Bxa4 31. f4 Bxb6 32. axb6 Bc6 33. fxe5 Ra2 34. Bf3
fxe5 35. b7 Rb8 36. Qxe5 Rxb7 37. Rxb7 Bxb7 38. Qf6 Ra8 39. Bg4 Qg7 40. Bxe6+
Kh8 41. Bd4 Rg8 42. Qf4 1-0

[Event "77th ch-ARM 1st League"]
[Site "Yerevan ARM"]
[Date "2016.10.30"]
[Round "7.6"]
[White "Torosyan, Norayr"]
[Black "Bakunts, Rafael"]
[Result "1/2-1/2"]
[WhiteElo "2386"]
[BlackElo "2396"]
[WhiteFideId "13300431"]
[BlackFideId "13304097"]
[EventDate "2016.10.24"]

1. e4 e5 2. Nf3 Nc6 3. Bb5 a6 4. Ba4 Nf6 5. O-O Be7 6. d3 b5 7. Bb3 d6 8. a3 O-O
9. Nc3 Bg4 10. Be3 Nd4 11. Bxd4 exd4 12. Nd5 Nd7 13. h3 Bxf3 14. Qxf3 c6 15.
Nxe7+ Qxe7 16. Qg3 Nc5 17. Ba2 Na4 18. Rab1 c5 19. f4 Rac8 20. Qf2 Nb6 21. Rbe1
Na4 22. Rb1 Nb6 23. Rfe1 Rfe8 24. e5 Qd7 25. Qf3 Re7 26. Re2 Rce8 27. Rbe1 dxe5
28. fxe5 c4 29. Re4 Qc7 30. dxc4 bxc4 31. Rxd4 Rxe5 32. Rxe5 Qxe5 33. c3 Qc5 34.
Kh2 g6 35. Qf4 Nd5 36. Qg5 Qc7+ 37. Qg3 Qb7 38. Bxc4 Ne3 39. Qf2 Kg7 40. Kg1 Re5
41. Rf4 f5 42. Rd4 a5 43. Qd2 Re7 44. a4 Qc7 45. Bb5 Qg3 46. Qf2 Qg5 47. Bc6 Qf6
48. Bf3 g5 49. Qd2 g4 50. hxg4 fxg4 51. Bxg4 Qf1+ 52. Kh2 Qf6 53. Be2 Qg6 54. g3
Qh6+ 55. Kg1 Qh3 56. Rg4+ Nxg4 57. Qg5+ Kf8 58. Qxg4 Qxg4 59. Bxg4 Rb7 60. b4
axb4 61. cxb4 Rxb4 62. Bd7 Ke7 63. Bb5 Rb2 64. Bc4 Kf6 65. a5 Kg5 66. a6 Kg4 67.
a7 Rb1+ 68. Kf2 Ra1 69. Be6+ Kg5 70. Kf3 Rxa7 71. Bc8 Ra3+ 72. Kg2 Rc3 73. Bd7
Kf6 74. Kh3 Ke5 75. Kh4 Ke4 76. Be6 Kf3 77. Bd5+ Kf2 78. g4 h6 79. Be6 Rc1 80.
Kh5 Kg3 81. g5 hxg5 82. Kxg5 Rc5+ 83. Kf6 Kf4 84. Kg7 Kg5 85. Bg8 Rc7+ 86. Kh8
Kg6 87. Bd5 Rd7 88. Bb3 Rh7+ 89. Kg8 Rh3 90. Bc2+ Kf6 91. Bb1 Rb3 92. Bc2 Rg3+
93. Kh8 Kf7 94. Be4 Re3 95. Bd5+ Kf8 96. Kh7 Re7+ 97. Kh6 Rd7 98. Bb3 Rd3 99.
Bc4 Rg3 100. Bd5 Ke7 101. Kh7 Kf6 102. Kh8 Kg6 103. Be4+ Kh6 104. Bd5 Rd3 105.
Bc4 Rd8+ 106. Bg8 Kg5 107. Kg7 Rd7+ 108. Kh8 Kg6 109. Bb3 Rh7+ 110. Kg8 Rb7 111.
Bc2+ Kf6 112. Bd3 Rg7+ 113. Kh8 Kf7 114. Bc4+ Kf8 115. Bd3 Rg3 116. Be4 Rh3+
117. Bh7 Kf7 1/2-1/2

[Event "77th ch-ARM 1st League"]
[Site "Yerevan ARM"]
[Date "2016.10.30"]
[Round "7.7"]
[White "Shahinyan, David"]
[Black "Kalashian, David"]
[Result "1-0"]
[WhiteTitle "IM"]
[BlackTitle "IM"]
[WhiteElo "2431"]
[BlackElo "2358"]
[WhiteFideId "13304380"]
[BlackFideId "13302418"]
[EventDate "2016.10.24"]

1. c4 Nf6 2. Nc3 e6 3. e4 d5 4. e5 d4 5. exf6 dxc3 6. fxg7 cxd2+ 7. Bxd2 Bxg7 8.
Qb3 Nc6 9. Nf3 Qe7 10. Bd3 e5 11. O-O-O f5 12. Bxf5 Bxf5 13. Qxb7 O-O 14. Qxc6
e4 15. Nd4 Rab8 16. Qd5+ Kh8 17. Be3 Qb4 18. Rd2 c6 19. Nxc6 Bxb2+ 20. Kd1 Qa4+
21. Ke1 Bg7 22. Nxb8 Rxb8 23. Bd4 Rb1+ 24. Ke2 Bg4+ 25. Ke3 Qa3+ 26. Kf4 Qf8+
27. Kg3 Rxh1 28. Bxg7+ Kxg7 29. Qg5+ Kf7 30. Qf4+ Ke7 31. Qc7+ Kf6 32. Kxg4 Qg7+
33. Qxg7+ Kxg7 34. h4 Rc1 35. Rd7+ Kf6 36. Rxa7 Rxc4 37. Kf4 h5 38. Ra6+ Kg7 39.
a4 Rc2 40. Ke3 Ra2 41. a5 Ra4 42. Ra8 Kf6 43. a6 Kg6 44. a7 Kg7 45. f4 exf3 46.
gxf3 Ra3+ 47. Kd4 Ra4+ 48. Kc5 Ra1 49. f4 Rc1+ 50. Kd4 Rd1+ 51. Kc3 Ra1 52. f5
Ra6 53. f6+ Kf7 54. Rh8 1-0

[Event "77th ch-ARM 1st League"]
[Site "Yerevan ARM"]
[Date "2016.11.01"]
[Round "8.1"]
[White "Hakobyan, Aram"]
[Black "Torosyan, Norayr"]
[Result "1-0"]
[WhiteTitle "FM"]
[WhiteElo "2417"]
[BlackElo "2386"]
[WhiteFideId "13306677"]
[BlackFideId "13300431"]
[EventDate "2016.10.24"]

1. e4 e5 2. Nf3 Nc6 3. Bb5 a6 4. Ba4 Nf6 5. O-O Be7 6. Bxc6 dxc6 7. d3 Nd7 8.
Nbd2 O-O 9. Nc4 f6 10. Nh4 Nc5 11. Be3 Re8 12. Qh5 Be6 13. Nd2 Qd7 14. Nf5 Bf8
15. Qf3 Kh8 16. h3 Bf7 17. Kh1 Ne6 18. Qg3 c5 19. f4 exf4 20. Bxf4 Nxf4 21. Qxf4
c4 22. d4 g6 23. Ng3 Qxd4 24. Nf3 Qb6 25. e5 Bg7 26. Ne4 f5 27. Neg5 Bg8 28.
Rad1 h6 29. Rd7 Rad8 30. Nf7+ Bxf7 31. Rxf7 Kg8 32. Qxc4 Qe6 33. Qxe6 Rxe6 34.
Rxc7 b5 35. Re1 Rd5 36. Re3 g5 37. g4 f4 38. Re2 b4 39. Kg2 Bf8 40. h4 gxh4 41.
Rc4 Ra5 42. Rxf4 Rxa2 43. Nd4 Re8 44. b3 Bg7 45. Nc6 a5 46. e6 a4 47. Rxb4 h3+
48. Kxh3 axb3 49. Rxb3 Ra6 50. Rb8 Rxb8 51. Nxb8 Ra3+ 52. Kg2 Kf8 53. Nc6 Rc3
54. Nb4 Rc4 55. Nd5 Rc5 56. Nf4 Ke8 57. Kf3 Bf6 58. Ng6 Rg5 59. Nf4 Rc5 60. Ke4
Ke7 61. Nd5+ Kxe6 62. Nxf6 Kxf6 63. Kd4 Rc8 64. c4 Rd8+ 65. Kc3 Rc8 66. Re4 Kf7
67. Kb4 Rb8+ 68. Ka5 Ra8+ 69. Kb6 Rb8+ 70. Ka6 Ra8+ 71. Kb7 Ra4 72. Kb6 Kf6 73.
Kb5 1-0

[Event "77th ch-ARM 1st League"]
[Site "Yerevan ARM"]
[Date "2016.11.01"]
[Round "8.2"]
[White "Bakunts, Rafael"]
[Black "Babujian, Levon"]
[Result "1-0"]
[BlackTitle "GM"]
[WhiteElo "2396"]
[BlackElo "2465"]
[WhiteFideId "13304097"]
[BlackFideId "13301993"]
[EventDate "2016.10.24"]

1. e4 c5 2. Nf3 e6 3. d4 cxd4 4. Nxd4 d6 5. Nc3 a6 6. Be3 Nc6 7. Qd2 Nxd4 8.
Qxd4 Ne7 9. O-O-O Nc6 10. Qb6 Bd7 11. Qxb7 Rb8 12. Qxa6 Be7 13. Bb5 Qc7 14. Bxc6
Bxc6 15. Qa7 Rb7 16. Qa8+ Rb8 17. Qa7 Qc8 18. Bf4 e5 19. Bd2 Ra8 20. Qe3 O-O 21.
Kb1 Qa6 22. Qd3 Qa7 23. Qe3 Qa5 24. a3 Qa6 25. Bc1 Rfb8 26. Nd5 Bd8 27. Rd3 Rb5
28. Rhd1 f5 29. exf5 Qb7 30. Nb4 Bb6 31. Qg3 Be8 32. Rxd6 Bd4 33. c3 Bb6 34. Qd3
Kh8 35. Be3 Ba5 36. f3 Qf7 37. g4 Rc8 38. Rd5 Rcb8 39. Qe4 Bxb4 40. cxb4 R5b7
41. Qxe5 Rc8 42. Bc5 Rbb8 43. Qe7 Qg8 44. f6 Ra8 1-0

[Event "77th ch-ARM 1st League"]
[Site "Yerevan ARM"]
[Date "2016.11.01"]
[Round "8.3"]
[White "Kalashian, David"]
[Black "Harutyunian, Tigran K."]
[Result "0-1"]
[WhiteTitle "IM"]
[BlackTitle "IM"]
[WhiteElo "2358"]
[BlackElo "2495"]
[WhiteFideId "13302418"]
[BlackFideId "13303635"]
[EventDate "2016.10.24"]

1. e4 e5 2. Nf3 Nc6 3. d4 exd4 4. Nxd4 Bb4+ 5. c3 Bc5 6. Be3 Bb6 7. Qg4 Nf6 8.
Qxg7 Rg8 9. Qh6 d5 10. Nxc6 bxc6 11. Nd2 Qe7 12. h3 Rg6 13. Qh4 dxe4 14. O-O-O
Bxe3 15. fxe3 a5 16. g4 h6 17. Bg2 a4 18. a3 Rb8 19. Nxe4 Qe6 20. Nxf6+ Rxf6 21.
Rhf1 Qxe3+ 22. Kb1 Qxc3 23. Rf2 Be6 24. Rc2 Ba2+ 25. Kxa2 Qxc2 26. Qxf6 Qb3+ 27.
Ka1 Qxd1+ 28. Ka2 Qb3+ 29. Ka1 Kf8 30. Qh8+ Ke7 31. Qe5+ Kd7 32. Qd4+ Ke7 33.
Qe5+ Kd7 34. Qd4+ Ke6 35. Bxc6 Rb6 36. Bxa4 Qg3 37. Bc2 Qe5 38. Qc4+ Ke7 39. Bb3
Rf6 40. Qb4+ c5 41. Qb5 Kf8 42. Ka2 Rf4 43. Qd3 Rf2 44. Bc2 Qe6+ 45. Bb3 Qe5 46.
Bc2 Qe2 47. Qxe2 Rxe2 48. Bf5 c4 49. Kb1 Ke7 50. a4 Kd6 51. a5 Re1+ 52. Kc2 Ra1
53. Kc3 Kc5 54. h4 Rxa5 55. g5 Ra6 56. Bg4 hxg5 57. hxg5 Rg6 58. Be2 Rxg5 59.
Bxc4 Rg3+ 60. Bd3 Rg4 61. b3 Rg3 62. b4+ Kd5 63. b5 Kc5 64. Kc2 Kd4 65. Bf5 Kc4
66. Bd7 Rc3+ 67. Kb2 Rd3 68. Bc6 f5 69. Kc2 Rd6 70. Kb2 f4 71. Kc2 Rh6 72. Kd2
Rh2+ 73. Kc1 Kc5 74. Kd1 Kd4 75. b6 Rb2 76. b7 Ke3 77. Kc1 Rb6 78. Bd5 f3 0-1

[Event "77th ch-ARM 1st League"]
[Site "Yerevan ARM"]
[Date "2016.11.01"]
[Round "8.4"]
[White "Hovhannisyan, Karen G."]
[Black "Martirosyan, Haik M."]
[Result "0-1"]
[BlackTitle "IM"]
[WhiteElo "2251"]
[BlackElo "2470"]
[WhiteFideId "13306618"]
[BlackFideId "13306553"]
[EventDate "2016.10.24"]

1. d4 Nf6 2. Nf3 e6 3. Bf4 b6 4. e3 Bb7 5. Be2 Nh5 6. Bg5 Be7 7. Bxe7 Qxe7 8. c4
Nf6 9. Nc3 O-O 10. O-O c5 11. d5 exd5 12. cxd5 d6 13. Re1 Nbd7 14. a4 a6 15. e4
Ne5 16. Nd2 g5 17. Nf1 Kh8 18. Qd2 Rg8 19. Ng3 Bc8 20. f4 gxf4 21. Qxf4 Bd7 22.
Rf1 Rg6 23. Qh4 Nxd5 24. Qxe7 Nxe7 25. Bh5 Rg7 26. Rf6 Be6 27. Rd1 Rd8 28. Be2
c4 29. Nf5 Bxf5 30. exf5 Nd3 31. Ne4 Nd5 32. Bxd3 Nxf6 33. Nxf6 cxd3 34. Rxd3
Rg5 35. Rd5 h5 36. Kf2 Rc8 37. g4 hxg4 38. Kg3 Kg7 39. Ne4 Rh5 40. Rxd6 Rc4 41.
f6+ Kg6 42. Nf2 Rxa4 43. Nxg4 Rb5 44. Rd8 Rb3+ 45. Kh4 Rxb2 46. h3 Rxg4+ 0-1

[Event "77th ch-ARM 1st League"]
[Site "Yerevan ARM"]
[Date "2016.11.01"]
[Round "8.5"]
[White "Hayrapetyan, Hovik"]
[Black "Petrosyan, Manuel"]
[Result "1/2-1/2"]
[WhiteTitle "GM"]
[BlackTitle "IM"]
[WhiteElo "2468"]
[BlackElo "2530"]
[WhiteFideId "13302639"]
[BlackFideId "13300857"]
[EventDate "2016.10.24"]

1. Nf3 Nf6 2. c4 e6 3. g3 d5 4. Bg2 Be7 5. O-O O-O 6. b3 c5 7. Bb2 Nc6 8. e3 b6
9. Qe2 Ba6 10. Na3 Rc8 11. d3 Qc7 12. Nh4 Rfd8 13. f4 Ne8 14. f5 Bxh4 15. gxh4
exf5 16. Bxd5 Rxd5 17. cxd5 Nb4 18. Nc4 b5 19. Rxf5 bxc4 20. bxc4 Qb6 21. Raf1
Nxd3 22. Ba1 Bxc4 23. Qg4 Nb2 24. R1f2 Qg6 25. Rg5 Qb1+ 26. Kg2 Rd8 27. Qf3 h6
28. Bxb2 hxg5 29. Qxf7+ Kh7 30. Qh5+ Kg8 31. Qf7+ 1/2-1/2

[Event "77th ch-ARM 1st League"]
[Site "Yerevan ARM"]
[Date "2016.11.01"]
[Round "8.6"]
[White "Yegiazaryan, Armenak"]
[Black "Shahinyan, David"]
[Result "1-0"]
[BlackTitle "IM"]
[WhiteElo "2243"]
[BlackElo "2431"]
[WhiteFideId "13303082"]
[BlackFideId "13304380"]
[EventDate "2016.10.24"]

1. e4 e6 2. d4 d5 3. Nc3 Bb4 4. exd5 exd5 5. Bd3 Nc6 6. Ne2 Qh4 7. O-O Be6 8.
Nb5 Ba5 9. Bf4 Qe7 10. c3 a6 11. Na3 Nf6 12. Nc2 Nh5 13. Bd2 O-O 14. Ng3 Nxg3
15. hxg3 Qd7 16. Qh5 f5 17. b4 Bb6 18. Ne1 Nd8 19. Nf3 g6 20. Qh4 Nf7 21. Bg5
Nxg5 22. Nxg5 Rae8 23. Rfe1 c6 24. Re2 Kh8 25. Rae1 Bd8 26. Qxh7+ Qxh7 27. Nxh7
Kxh7 28. Rxe6 Rxe6 29. Rxe6 Kg7 30. g4 Bg5 31. gxf5 gxf5 32. Re2 Rf7 33. Kf1 Kf6
34. Re5 Bd2 35. Rxf5+ Kg7 36. Rxf7+ Kxf7 37. c4 Bxb4 38. cxd5 cxd5 39. Ke2 Bc3
40. Ke3 Bb2 41. Be2 b5 42. g3 Bc1+ 43. Kd3 Bb2 44. Bg4 a5 45. Bd7 b4 46. Ba4 Ke6
47. Bb3 Kd6 48. f4 Bc1 49. Ke2 Ke6 50. Kf3 Bb2 51. g4 Bxd4 52. g5 Bc5 53. Kg4
Bf8 54. Bc2 Bc5 55. f5+ Ke5 56. f6 Ke6 57. Kh5 Bd4 58. Kg6 Bc3 59. Bf5+ Kd6 60.
Kf7 a4 61. g6 b3 62. axb3 a3 63. Bb1 1-0

[Event "77th ch-ARM 1st League"]
[Site "Yerevan ARM"]
[Date "2016.11.01"]
[Round "8.7"]
[White "Mikaelyan, Arman"]
[Black "Sargsyan, Shant"]
[Result "1-0"]
[WhiteTitle "IM"]
[BlackTitle "CM"]
[WhiteElo "2449"]
[BlackElo "2440"]
[WhiteFideId "13304852"]
[BlackFideId "13306766"]
[EventDate "2016.10.24"]

1. b3 e5 2. Bb2 Nc6 3. e3 Nf6 4. c4 g6 5. Nf3 d6 6. d4 exd4 7. Nxd4 Nxd4 8. Bxd4
Bg7 9. Be2 O-O 10. O-O c5 11. Bb2 d5 12. Nd2 Be6 13. cxd5 Nxd5 14. Bxg7 Kxg7 15.
Ne4 Qe7 16. Qc1 b6 17. Qb2+ f6 18. Ng5 Bg8 19. Nf3 Rad8 20. a3 a5 21. Rfe1 Nc7
22. Bf1 Rd7 23. h4 Rfd8 24. e4 Be6 25. e5 f5 26. Rab1 h6 27. Qc1 Bd5 28. Qc3 Ne6
29. Bb5 Rc7 30. Bc4 g5 31. Rbd1 Rcd7 32. Bb5 Bc6 33. Rxd7 Bxd7 34. Bxd7 Rxd7 35.
hxg5 hxg5 36. Nd2 Rd4 37. Nc4 Kg6 38. Nd6 Nf4 39. g4 Qh7 40. gxf5+ Kg7 41. Qf3
Qh4 42. f6+ Kg6 43. f7 Qh8 44. e6 Nh3+ 45. Kf1 Rf4 46. Qd3+ Kg7 47. Ne8+ Kf8 48.
Qd6# 1-0

[Event "77th ch-ARM 1st League"]
[Site "Yerevan ARM"]
[Date "2016.11.02"]
[Round "9.1"]
[White "Shahinyan, David"]
[Black "Hovhannisyan, Karen G."]
[Result "1/2-1/2"]
[WhiteTitle "IM"]
[WhiteElo "2431"]
[BlackElo "2251"]
[WhiteFideId "13304380"]
[BlackFideId "13306618"]
[EventDate "2016.10.24"]

1. Nf3 Nf6 2. g3 g6 3. Bg2 Bg7 4. O-O O-O 5. d4 d6 6. c4 Nc6 7. Nc3 a6 8. d5 Na5
9. Nd2 c5 10. Qc2 Rb8 11. a4 e6 12. b3 exd5 13. cxd5 b5 14. axb5 axb5 15. Bb2 b4
16. Nce4 Nxd5 17. Bxg7 Kxg7 18. Qa2 Nb7 19. Qb2+ Kg8 20. Rfd1 Bf5 21. Nxd6 Nxd6
22. Bxd5 Qe7 23. e4 Bg4 24. f3 Be6 25. Bxe6 Qxe6 26. Ra6 Nc4 27. Qa1 Rb6 28. Ra8
Nxd2 29. Rxd2 Rbb8 30. Rxb8 Rxb8 31. Rd5 c4 32. bxc4 b3 33. Qa7 Qc8 34. Rd1 b2
35. Rb1 Rb3 36. Qd4 Qa8 37. Kg2 Qa2 38. Qd1 Rc3 39. c5 h5 40. Qd8+ Kh7 41. Qf6
Rc2+ 42. Kh3 Qxb1 43. Qxf7+ 1/2-1/2

[Event "77th ch-ARM 1st League"]
[Site "Yerevan ARM"]
[Date "2016.11.02"]
[Round "9.2"]
[White "Babujian, Levon"]
[Black "Hakobyan, Aram"]
[Result "0-1"]
[WhiteTitle "GM"]
[BlackTitle "FM"]
[WhiteElo "2465"]
[BlackElo "2417"]
[WhiteFideId "13301993"]
[BlackFideId "13306677"]
[EventDate "2016.10.24"]

1. c4 Nf6 2. Nc3 c5 3. g3 e6 4. Nf3 b6 5. Bg2 Bb7 6. O-O Be7 7. d4 cxd4 8. Qxd4
d6 9. b3 a6 10. Ba3 Nc6 11. Qf4 Qc7 12. Rfd1 Ne5 13. Rd2 O-O 14. Rad1 Rad8 15.
Nxe5 dxe5 16. Bxe7 exf4 17. Bxd8 Qe5 18. Bxb7 Qxc3 19. Be7 g5 20. gxf4 Re8 21.
Ba3 Qh3 22. Bg2 Qh4 23. e3 gxf4 24. exf4 Qxf4 25. Rd4 Qf5 26. R4d3 Ne4 27. Rf3
Qa5 28. b4 Qa4 29. Rb3 f5 30. f3 Nc3 31. Rd6 Nxa2 32. Rdd3 Kf7 33. c5 Rd8 34.
cxb6 Rxd3 35. Rxd3 Qc6 36. f4 Qxb6+ 37. Kh1 Nxb4 38. Rd7+ Kg6 39. h3 Nd3 40. Bd6
Nc5 0-1

[Event "77th ch-ARM 1st League"]
[Site "Yerevan ARM"]
[Date "2016.11.02"]
[Round "9.3"]
[White "Torosyan, Norayr"]
[Black "Hayrapetyan, Hovik"]
[Result "1/2-1/2"]
[BlackTitle "GM"]
[WhiteElo "2386"]
[BlackElo "2468"]
[WhiteFideId "13300431"]
[BlackFideId "13302639"]
[EventDate "2016.10.24"]

1. e4 c5 2. Nf3 e6 3. d4 cxd4 4. Nxd4 a6 5. Nc3 Qc7 6. Qf3 Nc6 7. Be3 Nf6 8.
O-O-O d6 9. Nxc6 Qxc6 10. g4 b5 11. Bg2 Bb7 12. g5 Nd7 13. Bd4 Rc8 14. Qe2 Be7
15. f4 b4 16. Nd5 exd5 17. exd5 Qc4 18. Rhe1 Qxe2 19. Rxe2 Kd8 20. Bxg7 Rg8 21.
Bd4 Bf8 22. Be4 Bg7 23. Bxh7 Rh8 24. Bf5 Bxd4 25. Rxd4 Rc5 26. Rxb4 Bxd5 27. Bd3
a5 28. Rd4 Kc7 29. a3 Be6 30. b4 axb4 31. axb4 Rd5 32. Rxd5 Bxd5 33. c4 Be6 34.
f5 Ne5 35. fxe6 Nxd3+ 36. Kd2 Ne5 37. exf7 Nf3+ 38. Kc3 Nxg5 39. Re8 Rh3+ 40.
Kb2 Nxf7 41. Re7+ Kb6 42. Rxf7 Rxh2+ 43. Kb3 Rh3+ 44. Kc2 Rg3 45. Rf5 Rg2+ 46.
Kc3 Rg3+ 47. Kd4 Rb3 48. b5 Rb1 49. Rf3 Rd1+ 50. Rd3 Rc1 51. Rd2 Kb7 52. Ra2
Rd1+ 53. Ke4 Re1+ 54. Kd5 Rd1+ 55. Ke4 Re1+ 56. Kd3 Rb1 57. Kd4 Rd1+ 58. Kc3
Rc1+ 59. Kb3 d5 60. cxd5 Rc5 61. Rd2 Rxb5+ 62. Kc4 Rb1 63. d6 1/2-1/2